000 00233 a2200097 4500
001 41169
100 _aKashmiri, Agha Shorish
245 _aIqbal piamber inqilab (Urdu)
260 _aLahore
_bFeroz Sons
_c1999
090 _c25393
_d25393
942 _aNUST-CAE
_cM
_c17106
999 _c276242
_d276242